Catalog

Record Details

Catalog Search



Available copies

  • 1 of 1 copy available at LARL/NWRL Consortium.

Current holds

0 current holds with 1 total copy.

Show Only Available Copies
Location Call Number / Copy Notes Barcode Shelving Location Status Due Date
Roseau Public Library j HYM (Text) 35500006277618 Main Available -

Record details

  • ISBN: 9781454933946
  • ISBN: 1454933941
  • Physical Description: 273 pages ; 21 cm
  • Publisher: New York : Sterling Children's Books, [2020]

Content descriptions

Summary, etc.:
Mango is invited to star in Yo, Romeo! in New York ... Read More
Target Audience Note:
Ages 8-12. Sterling Publishing Co., Inc.
Subject: Theater > Juvenile fiction.
Musicals > Juvenile fiction.
Homesickness > Juvenile fiction.
Aunts > Juvenile fiction.
African Americans > Juvenile fiction.
New York (N.Y.) > Juvenile fiction.
Theater > Fiction.
Musicals > Fiction.
Homesickness > Fiction.
Aunts > Fiction.
African Americans > Fiction.
New York (N.Y.) > Fiction.
LDR 01583cam a2200433Ii 4500
001345605
003LARL_NWRL_CONSORTIUM
00520200423173721.0
008200327s2020 nyu c 000 1 eng
010 . ‡a 2019055923
040 . ‡aDLC ‡beng ‡erda ‡cT7B ‡dT7B ‡dAZD ‡dOCLCO ‡dNRG
020 . ‡a9781454933946 ‡q(hardcover)
020 . ‡a1454933941 ‡q(hardcover)
035 . ‡a(OCoLC)1146547238
08200. ‡a[Fic] ‡223
049 . ‡aNRGA
1001 . ‡aHyman, Fracaswell, ‡eauthor.
24510. ‡aSummer in the city ‡n#2 / ‡cby Fracaswell Hyman.
264 1. ‡aNew York : ‡bSterling Children's Books, ‡c[2020]
300 . ‡a273 pages ; ‡c21 cm
336 . ‡atext ‡btxt ‡2rdacontent
337 . ‡aunmediated ‡bn ‡2rdamedia
338 . ‡avolume ‡bnc ‡2rdacarrier
4900 . ‡aMango Delight ; ‡v2
5211 . ‡aAges 8-12. ‡bSterling Publishing Co., Inc.
520 . ‡aMango is invited to star in Yo, Romeo! in New York City, but must struggle to balance the opportunity of a lifetime with homesickness, insecurity, and staying close to her best friend long-distance.
650 0. ‡aTheater ‡vJuvenile fiction.
650 0. ‡aMusicals ‡vJuvenile fiction.
650 0. ‡aHomesickness ‡vJuvenile fiction.
650 0. ‡aAunts ‡vJuvenile fiction. ‡0(LARL_NWRL_CONSORTIUM)170810
650 0. ‡aAfrican Americans ‡vJuvenile fiction. ‡0(LARL_NWRL_CONSORTIUM)163089
651 0. ‡aNew York (N.Y.) ‡vJuvenile fiction.
650 1. ‡aTheater ‡vFiction. ‡0(LARL_NWRL_CONSORTIUM)175854
650 1. ‡aMusicals ‡vFiction.
650 1. ‡aHomesickness ‡vFiction.
650 1. ‡aAunts ‡vFiction. ‡0(LARL_NWRL_CONSORTIUM)163196
650 1. ‡aAfrican Americans ‡vFiction. ‡0(LARL_NWRL_CONSORTIUM)163084
651 1. ‡aNew York (N.Y.) ‡vFiction. ‡0(LARL_NWRL_CONSORTIUM)166410
905 . ‡ubacont
901 . ‡a345605 ‡b ‡c345605 ‡tbiblio ‡soclc

Additional Resources